[Event "Open 13 2010/2011"]
[Site "Vitrolles"]
[Date "2011.05.07"]
[Round "9"]
[White "Mosse, Laurent"]
[Black "Vialette, Eric"]
[Result "0-1"]
[WhiteElo "1797"]
[BlackElo "1680"]
[PlyCount "80"]
[EventDate "2011.??.??"]

1. e4 d5 2. exd5 Nf6 3. d4 Nxd5 4. Nf3 Bg4 5. Be2 Nd7 6. O-O g6 7. h3 Bf5 8. a3
Bg7 9. c4 N5f6 10. Nc3 Nb6 11. Bf4 h6 12. Nb5 Rc8 13. Nxa7 Ra8 14. Nb5 Rc8 15.
Bxc7 Rxc7 16. Nxc7+ Qxc7 17. c5 Nbd7 18. Re1 O-O 19. Bd3 Bxd3 20. Qxd3 Nd5 21.
Rac1 Rd8 22. Qc4 Nb8 23. b4 e6 24. a4 Nc6 25. b5 Na5 26. Qd3 h5 27. Ne5 Ne7 28.
b6 Qb8 29. Nf3 Nac6 30. Re4 Nf5 31. Rd1 Nfxd4 32. Nxd4 Bxd4 33. Qf3 Bxc5 34.
Rde1 Bxb6 35. Qf6 Bd4 36. Qg5 Kh7 37. Rf4 Kg7 38. Rfe4 Rd5 39. Qh4 e5 40. g4
Qd8 0-1

[Event "Open 13 2010/2011"]
[Site "Vitrolles"]
[Date "2011.05.07"]
[Round "9"]
[White "Desmas, William"]
[Black "Corrias, Robert"]
[Result "1-0"]
[WhiteElo "1739"]
[BlackElo "1740"]
[PlyCount "45"]
[EventDate "2011.??.??"]

1. d4 Nf6 2. c4 e6 3. Nf3 d5 4. Nc3 c6 5. cxd5 exd5 6. Qc2 Be7 7. Bg5 O-O 8. e3
Bg4 9. Ne5 Bh5 10. Bd3 h6 11. Bh4 Nbd7 12. Bxf6 Nxe5 13. Bxe5 f6 14. Bg3 c5 15.
Nxd5 cxd4 16. Nxe7+ Qxe7 17. Qc4+ Kh8 18. Qxd4 Rfd8 19. Qe4 Qxe4 20. Bxe4 Rd7
21. O-O Rad8 22. h3 b6 23. Rac1 1-0

[Event "Open 13 2010/2011"]
[Site "Vitrolles"]
[Date "2011.05.07"]
[Round "9"]
[White "Scamaroni, Jean-Paul"]
[Black "Parroco, Pierre-Jean"]
[Result "1-0"]
[WhiteElo "1641"]
[BlackElo "1699"]
[PlyCount "51"]
[EventDate "2011.??.??"]

1. d4 Nf6 2. c4 g6 3. Nc3 Bg7 4. e4 d6 5. f4 O-O 6. Nf3 c5 7. d5 e5 8. fxe5
dxe5 9. Be2 Ne8 10. O-O Nd6 11. Be3 b6 12. Qd2 f5 13. exf5 Nxf5 14. Bg5 Bf6 15.
Bxf6 Qxf6 16. Ne4 Qe7 17. d6 Qb7 18. Bd3 Nc6 19. Rad1 Bd7 20. Bb1 Nfd4 21. Nxd4
Nxd4 22. Nf6+ Kg7 23. Qg5 Ne2+ 24. Kh1 Nf4 25. Nxd7 Rf5 26. Bxf5 1-0

[Event "Open 13 2010/2011"]
[Site "Vitrolles"]
[Date "2011.05.07"]
[Round "9"]
[White "Del Vecchio, Alain"]
[Black "Estevez, Ange"]
[Result "1-0"]
[WhiteElo "1823"]
[BlackElo "1627"]
[PlyCount "69"]
[EventDate "2011.??.??"]

1. e4 e5 2. Nc3 Nc6 3. Bc4 Bc5 4. Qg4 g6 5. Qf3 Nf6 6. Nge2 O-O 7. d3 d5 8.
exd5 Bg4 9. Qg3 Nd4 10. Nxd4 exd4 11. Ne4 Re8 12. f3 Bd6 13. Qf2 Bb4+ 14. Bd2
Bxd2+ 15. Qxd2 Bf5 16. g4 Nxe4 17. dxe4 Bxe4 18. O-O-O Bxf3 19. Rhf1 Bxd5 20.
Qxd4 Qg5+ 21. Kb1 Bxc4 22. Qxc4 Re7 23. Rd5 Qe3 24. Rfd1 Qe2 25. Qb4 b6 26. h4
a5 27. Qa3 c5 28. h5 Qxg4 29. hxg6 hxg6 30. Qc3 Qe4 31. Qf6 Qe6 32. Qh4 Qe4 33.
Rd8+ Rxd8 34. Rxd8+ Re8 35. Qxe4 1-0

[Event "Open 13 2010/2011"]
[Site "Vitrolles"]
[Date "2011.05.07"]
[Round "9"]
[White "Bertrand, Alexandre"]
[Black "Solchaga, Jerome"]
[Result "0-1"]
[WhiteElo "1620"]
[BlackElo "1797"]
[PlyCount "84"]
[EventDate "2011.??.??"]

1. e4 c5 2. Nf3 e6 3. d4 cxd4 4. Nxd4 Nc6 5. a3 Nf6 6. Nc3 a6 7. Be2 d6 8. O-O
Be7 9. f4 O-O 10. Nb3 Qb6+ 11. Kh1 Rd8 12. Qe1 Qc7 13. Qf2 b5 14. Be3 Rb8 15.
Rad1 b4 16. Na4 Nxe4 17. Qf3 Nf6 18. Bb6 Rxb6 19. Nxb6 Qxb6 20. Bd3 e5 21. h3
bxa3 22. bxa3 d5 23. Qf2 Qxf2 24. Rxf2 e4 25. Be2 e3 26. Rf3 Ne4 27. Ra1 d4 28.
Kh2 g5 29. Bd3 Nf2 30. Nc1 gxf4 31. Kg1 Bg5 32. Rb1 Ne5 33. Rxf2 exf2+ 34. Kxf2
f3 35. gxf3 Nxd3+ 36. Nxd3 Be3+ 37. Kg2 Bf5 38. Rb6 Rc8 39. Ne1 d3 40. cxd3
Bxb6 41. Kg3 Rc1 42. Ng2 Bc7+ 0-1

[Event "Open 13 2010/2011"]
[Site "Vitrolles"]
[Date "2011.05.07"]
[Round "9"]
[White "Urcun, Gael"]
[Black "Flores, Antonio"]
[Result "1-0"]
[WhiteElo "1750"]
[BlackElo "1720"]
[PlyCount "63"]
[EventDate "2011.??.??"]

1. e4 d6 2. d4 Nf6 3. Nc3 g6 4. h3 Bg7 5. Be3 Nc6 6. Qd2 h6 7. f4 a6 8. Nf3 b5
9. e5 Nd7 10. a3 Na5 11. b3 Bb7 12. Bd3 Bxf3 13. gxf3 c6 14. e6 Nf6 15. exf7+
Kxf7 16. Qg2 e6 17. Qxg6+ Kg8 18. Rg1 Ra7 19. O-O-O Qc8 20. Qxf6 Rf7 21. Qg6
Qf8 22. Qxe6 Qe7 23. Qxe7 Rxe7 24. Bd2 d5 25. Nxd5 Nxb3+ 26. cxb3 cxd5 27. Rde1
Rc7+ 28. Kb1 Kf8 29. Bb4+ Kf7 30. Bg6+ Kf6 31. Bd6 Rd7 32. Be5+ 1-0